Atlas historique de l'Afrique : De la Préhistoire à nos jours (notice n° 1512711)
[ vue normale ]
| 000 -LEADER | |
|---|---|
| fixed length control field | 01708cam a2200157 4500500 |
| 005 - DATE AND TIME OF LATEST TRANSACTION | |
| control field | 20251012001630.0 |
| 041 ## - LANGUAGE CODE | |
| Language code of text/sound track or separate title | fre |
| 042 ## - AUTHENTICATION CODE | |
| Authentication code | dc |
| 100 10 - MAIN ENTRY--PERSONAL NAME | |
| Personal name | Fauvelle, François-Xavier |
| Relator term | author |
| 245 00 - TITLE STATEMENT | |
| Title | Atlas historique de l'Afrique : De la Préhistoire à nos jours |
| 260 ## - PUBLICATION, DISTRIBUTION, ETC. | |
| Name of publisher, distributor, etc. | Autrement,<br/> |
| Date of publication, distribution, etc. | 2024.<br/> |
| 520 ## - SUMMARY, ETC. | |
| Summary, etc. | L’Afrique est un continent immense et les sociétés qui l’habitent ont connu des trajectoires historiques multiples au cours des millénaires, sans cesser d’interagir entre elles et avec les mondes extérieurs. Cinq grandes périodes scandent cette histoire : • L’Afrique ancienne (depuis la préhistoire jusqu’au XVe siècle), à la fois berceau et creuset de diversité linguistique, technique, politique. • L’Afrique moderne (du XVe au XVIIIe siècle), ses grands royaumes et le début de la présence européenne. • L’Afrique souveraine (XIXe siècle), après l’abolition de la traite atlantique et les reconversions économiques africaines. • L’Afrique sous domination coloniale, entre « partage » du continent, résistances anticoloniales et décolonisations. • L’Afrique des indépendances, qui relève de nombreux défis politiques, économiques et sociaux. Cet atlas regroupe plus de 100 cartes et rend disponibles les connaissances sans cesse renouvelées de l’histoire de l’Afrique. Il montre combien ce continent, loin d’être replié sur lui-même, a toujours été à la fois dynamique et connecté à l’histoire globale. |
| 700 10 - ADDED ENTRY--PERSONAL NAME | |
| Personal name | Surun, Isabelle |
| Relator term | author |
| 700 10 - ADDED ENTRY--PERSONAL NAME | |
| Personal name | Balavoine, Guillaume |
| Relator term | author |
| 856 41 - ELECTRONIC LOCATION AND ACCESS | |
| Uniform Resource Identifier | <a href="https://shs.cairn.info/atlas-historique-de-lafrique--9782080457615?lang=fr&redirect-ssocas=7080">https://shs.cairn.info/atlas-historique-de-lafrique--9782080457615?lang=fr&redirect-ssocas=7080</a> |
Pas d'exemplaire disponible.




Réseaux sociaux